| 000 | 00717nam a22002417a 4500 | ||
|---|---|---|---|
| 003 | DO-SdBNP | ||
| 005 | 20210922153816.0 | ||
| 007 | ta | ||
| 008 | 210922b 2003 dr 00| 0 eng d | ||
| 020 | _a9968152129 | ||
| 040 |
_aDO-SdBNP _bspa _cBNPHU |
||
| 082 | 4 |
_aBNPHU _bA445c |
|
| 100 | 1 |
_aAlmánzar R., Armando, _d1935- _927234 |
|
| 245 | 1 | 0 |
_aCiudad en sombras. Casos del capitán Cardona / _cArmando Almánzar R. |
| 260 |
_aSanto Domingo : _bNorma, _c2003. |
||
| 300 |
_a175 p. ; _c21 cm. |
||
| 490 | 1 | _aLa otra orilla | |
| 500 | _aIncluye datos biográficos del autor en la solapa de la cubierta | ||
| 590 | _aInventariado, 2021/BT | ||
| 830 | 0 |
_nLa otra orilla _91904 |
|
| 910 | _aBtavárez | ||
| 942 |
_2ddc _cLBS1 |
||
| 999 |
_c50644 _d50644 |
||